Theory of Cable Accessories cable installation and tertiry (Record no. 1302)

MARC details
000 -LEADER
fixed length control field 00403nam a22001577a 4500
005 - DATE AND TIME OF LATEST TRANSACTION
control field 20160521121806.0
008 - FIXED-LENGTH DATA ELEMENTS--GENERAL INFORMATION
fixed length control field 160521b xxu||||| |||| 00| 0 eng d
041 ## - LANGUAGE CODE
Language code of text/sound track or separate title eng
082 ## - DEWEY DECIMAL CLASSIFICATION NUMBER
Item number 3746
100 ## - MAIN ENTRY--AUTHOR NAME
Personal name T.S. Swaminathan
245 ## - TITLE STATEMENT
Title Theory of Cable Accessories cable installation and tertiry
260 ## - PUBLICATION, DISTRIBUTION, ETC. (IMPRINT)
Name of publisher Khanna Publishing
300 ## - PHYSICAL DESCRIPTION
Number of Pages 166
650 ## - SUBJECT ADDED ENTRY--TOPICAL TERM
Topical Term DIPLOMA ENGINEERING
942 ## - ADDED ENTRY ELEMENTS (KOHA)
Koha item type Books
Holdings
Lost status Damaged status Collection code Home library Current library Shelving location Date acquired Cost, normal purchase price Full call number Accession Number Koha item type
    LIFE SKILL JRU Library JRU Library SHELF-102-E 21/05/2016 100.00 3746 3746 Books